| 000 | 01307namaa2200337 i 4500 | ||
|---|---|---|---|
| 003 | EG-GICUC | ||
| 005 | 20260525111021.0 | ||
| 008 | 260525s2021 ua ||||jr|||| 000 0 ara d | ||
| 017 |
_a2021 / 21734 _bدار الكتب والوثائق القومية (مصر) |
||
| 020 | _a9789779219851 | ||
| 040 |
_aEG-GiCUC _bara _cEG-GiCUC _dEG-GiCUC _erda |
||
| 082 | 0 | 4 |
_221 _a813.009 _bM2358w |
| 092 | 0 | 4 |
_221 _a813.009 _bM2358w |
| 099 | _a813.009 M2358w | ||
| 100 | 1 |
_aالوكيل، سماح سعيد، _eمؤلف. |
|
| 245 | 1 | 2 |
_aالبناء السردى فى روايات سعد مكاوى / _cد. سماح سعيد الوكيل |
| 264 |
_aالقاهرة (مصر) : _bالمجلس الاعلى للثقافة، _c2021 |
||
| 300 |
_a224 صفحة ؛ _c20 سم |
||
| 336 |
_2rdacontent _atext |
||
| 337 |
_2rdamedia _aUnmediated |
||
| 338 |
_2rdacarrier _avolume |
||
| 490 | 0 |
_aالاصدار الثالث 2021 ؛ _v5 |
|
| 504 | _aيشتمل على ارجاعات ببليوجرافية. | ||
| 541 |
_aوزارة الثقافة ؛ _bالقاهرة ؛ _cإهداء ؛ _d2023. |
||
| 600 | 1 | _aمكاوى، سعد | |
| 650 | 1 | 7 |
_aالقصص العربية _xتاريخ ونقد _2qrmak |
| 650 | 1 | 7 |
_aالسرد الادبى _xادب عربى |
| 651 | 1 | _2qrmak | |
| 905 | _aAmira | ||
| 942 |
_2ddc _cBK _e21 _n0 |
||
| 999 |
_c180300 _d180300 |
||